000 00631nam a22001577a 4500
003 OSt
005 20151002153713.0
008 151002b xxu||||| |||| 00| 0 eng d
040 _cRUA
082 _aAVM អ៊ឹម 1989 B065 Or.1
100 _91793
_aអ៊ឹម លៀប
245 _aនិមិត្តហេតុ និង ចលនការ រាលដាលនៃជម្ងឺសាល់ម៉ូណែឡូសនៅមជ្ឈមណ្ឌលចិញ្ចឹមជ្រូក គីឡូម៉ែត្រលេខ១១
260 _aPhnom Penh
_bRUA
_c1989
300 _a92p.
_bill.
_c29cm.
942 _2ddc
_cAVM
999 _c1693
_d1693